000
00235nmm a2200097Ia 4500
008
220120s9999||||xx |||||||||||||||||und||
082
_a
005 .133 MUE
100
_a
Mueller, Scott
245
0
_a
Upgrading and repairing pcs
260
_c
2003
999
_c
139041
_d
139041